000 00278nam a2200097Ia 4500
005 20250424112837.0
008 250424s9999 xx 000 0 und d
300 _avii. , 159 p. ; 26 cm.
650 _aFinance--Nigeria--Periodicals. Accounting--Nigeria--Periodicals.
942 _cSR
999 _c37457
_d37457